000 00340nam a2200133 i 4500
001 bg
100 1 _aWUNDERLICH, Walter
245 0 _aBeitrag zur Beluftung des Abflussein Tiefauslussen /
_cWalter Wunderlich.
260 _aKarlsruhe,
_c1961.
040 _cBPK
041 _apol
942 _cKS
008 s pl f |000 0 pol
999 _c16784
_d16784
856 _uhttp://koha.tu.koszalin.pl/cgi-bin/koha/opac-detail.pl?biblionumber=16784
_yKatalog online BPK